000
00281 a2200097 4500
020
_a
9789357321365
100
_a
Preejith Raj
245
_a
Kodiyeri: oru jeevacharithram(കോടിയേരി: ഒരു ജീവചരിത്രം)
260
_b
D C books
_c
2023
942
_c
OO
999
_c
115788
_d
115787